| 000 | 00781nam a22002651c 4500 | ||
|---|---|---|---|
| 001 | a987689833 | ||
| 008 | 180704s2017 gw |||| 000u rus d | ||
| 020 |
_a9785852094100 _9978-5-85209-410-0 |
||
| 041 | _arus | ||
| 100 | 1 | _aSpiridonova, M. A. | |
| 245 | 0 | 0 |
_aKreml' za rešetkoj : _b(Podpol'naja Rossija) |
| 250 | _aReprint der Ausgabe Berlin 1922 | ||
| 264 |
_aMoskva, _c2017 |
||
| 300 | _a241 Seiten | ||
| 650 | 0 | _aGefängnis | |
| 651 | 0 | _aRussland | |
| 651 | 0 | _aSowjetunion | |
| 700 | 1 |
_aIzmajlovič, A. A. _eVerfasserIn |
|
| 700 | 1 |
_aKarelin, V. A. _eVerfasserIn |
|
| 710 | 2 | _aGosudarstvennaja publičnaja istoričeskaja biblioteka Rossii | |
| 942 | _cMG | ||
| 040 | _cRU-10907106 | ||
| 003 | RU-10907106 | ||
| 999 |
_c48006 _d48006 |
||
| 490 | 0 | _aK 100-letiju Velikoj rossijskoj revoljucii | |